Szybkie pisanie cyfr - Statystyki

Ogólne statystyki
  • Ten quiz został rozwiązany 86 razy
  • Średni wynik to 24 z 30
Statystyki odpowiedzi
Odpowiedź % Poprawnych
1
100%
2
100%
11
94%
12
94%
3
94%
4
94%
5
94%
14
91%
15
91%
16
91%
17
91%
6
91%
7
91%
9
91%
10
88%
13
88%
18
88%
19
88%
8
88%
21
79%
22
74%
20
68%
23
68%
25
62%
24
59%
26
47%
27
44%
28
41%
29
41%
30
35%
Nie znaleziono quizów pasujących do podanych kryteriów
Rozkład punktacji
Procent ludzi z każdym wynikiem
Percentyl według liczby udzielonych odpowiedzi
Twoja historia wyników
Nie rozwiązałeś tego quizu